000 00251nam a2200097Ia 4500
005 20251222175817.0
008 251222s9999||||xx |||||||||||||| ||spa||
082 _aDVD0070/S82/1994
245 0 _aAsesinos por naturaleza:Natural Born Killers
942 _cDVD
999 _c40335
_d40335